General studies 2012 paper-I (Record no. 4671)

MARC details
000 -LEADER
fixed length control field 00610cam a2200205ua 4500
001 - CONTROL NUMBER
control field 5496
005 - DATE AND TIME OF LATEST TRANSACTION
control field 20260515113909.0
008 - FIXED-LENGTH DATA ELEMENTS--GENERAL INFORMATION
fixed length control field 130925n ii |||gr||||Z||||||eng
020 ## - INTERNATIONAL STANDARD BOOK NUMBER
International Standard Book Number 978-0-07-133205-7, 0-07-133205-7
040 ## - CATALOGING SOURCE
Transcribing agency MAIN
082 ## - DEWEY DECIMAL CLASSIFICATION NUMBER
Classification number 050
245 14 - TITLE STATEMENT
Title General studies 2012 paper-I
Remainder of title for civil services preliminary examination
Statement of responsibility, etc. by
260 ## - PUBLICATION, DISTRIBUTION, ETC.
Place of publication, distribution, etc. New Delhi:
Name of publisher, distributor, etc. Tata McGraw Hill Education private limited,
Date of publication, distribution, etc. 2012.
300 ## - PHYSICAL DESCRIPTION
Extent xliii,.
653 ## - INDEX TERM--UNCONTROLLED
Uncontrolled term General serial publications
653 ## - INDEX TERM--UNCONTROLLED
Uncontrolled term General knowlwdge
653 ## - INDEX TERM--UNCONTROLLED
Uncontrolled term General awareness
700 1# - ADDED ENTRY--PERSONAL NAME
Personal name Chand, Tara,
Relator term Coordinator.
942 ## - ADDED ENTRY ELEMENTS (KOHA)
Koha item type Books
Holdings
Withdrawn status Lost status Damaged status Not for loan Home library Current library Shelving location Date acquired Total checkouts Full call number Barcode Date last seen Copy number Price effective from Koha item type
        Naharkatiya College Library Naharkatiya College Library General stacks 09/19/2020   050 | GEN 20523 09/19/2020 1 09/19/2020 Books